000 00439nam a2200181Ia 4500
005 20230614120612.0
008 131103s9999 xx 000 0 und d
040 _aLoreto College
041 _aEnglish
082 _aF
_bDOY
100 _aDoyle,Arthur Conan
245 _aHis last bow
_cArthur Conan Doyle
260 _aLondon
_bPan Books
_c1917
300 _a222 p.
650 _aFiction in English
850 _aLCLIB
942 _cBK
999 _c15813
_d66292